[Event "San Francisco TNM Spring op"]
[Site "San Francisco"]
[Date "2017.03.14"]
[Round "1"]
[White "Walters, Kevin"]
[Black "Valente, Marty J"]
[Result "1/2-1/2"]
[WhiteElo "1897"]
[BlackElo "1352"]
[PlyCount "105"]
[EventDate "2017.03.14"]
[EventType "swiss"]
[EventRounds "8"]
[EventCountry "USA"]
[SourceTitle "EXT 2023"]
[Source "ChessBase"]
[SourceDate "2022.10.05"]
[SourceVersion "1"]
[SourceVersionDate "2022.10.05"]
[SourceQuality "1"]

1. e4 c5 2. d4 cxd4 3. c3 d6 4. cxd4 Nf6 5. Nc3 e6 6. Nf3 Nc6 7. Bf4 Be7 8. Bb5 0-0 9. Bxc6 bxc6 10. 0-0 Bb7 11. Qe2 Re8 12. Rfd1 Qb6 13. e5 dxe5 14. dxe5 Nd5 15. Bg5 Bxg5 16. Nxg5 h6 17. Nge4 Nf4 18. Qg4 Ng6 19. Qg3 Rad8 20. Nd6 Re7 21. Rd2 Red7 22. Nce4 Ba8 23. Rc1 Qa5 24. f4 c5 25. Re2 Bxe4 26. Rxe4 Qxa2 27. Qf2 Rb8 28. Re2 Qb3 29. Rxc5 Rdd8 30. Rc7 Rf8 31. Rec2 Qb6 32. Rxa7 Qxf2+ 33. Rxf2 Ra8 34. Rxa8 Rxa8 35. b4 Ra1+ 36. Rf1 Rxf1+ 37. Kxf1 Nxf4 38. b5 Ng6 39. Nc4 Ne7 40. b6 Nc6 41. b7 Kf8 42. Na5 Nb8 43. Nc4 Ke7 44. Ke2 Kd7 45. Ke3 Kc6 46. Nd6 f6 47. Ke4 f5+ 48. Kd4 Kc7 49. Ne8+ Kxb7 50. Nxg7 Nc6+ 51. Ke3 Nxe5 52. Nxe6 Ng4+ 53. Kf4 1/2-1/2

[Event "San Francisco TNM Fall op"]
[Site "San Francisco"]
[Date "2016.12.13"]
[Round "9"]
[White "Pryor, Jamieson"]
[Black "Walters, Kevin"]
[Result "1-0"]
[WhiteElo "2032"]
[BlackElo "1864"]
[PlyCount "63"]
[EventDate "2016.10.18"]
[EventType "swiss"]
[EventRounds "9"]
[EventCountry "USA"]
[SourceTitle "EXT 2018"]
[Source "ChessBase"]
[SourceDate "2017.10.13"]
[SourceVersion "1"]
[SourceVersionDate "2017.10.13"]
[SourceQuality "1"]

1. d4 Nf6 2. c4 e5 3. dxe5 Ng4 4. Nf3 Bc5 5. e3 Nc6 6. Nc3 Ngxe5 7. a3 a5 8. Be2 0-0 9. Ne4 Qe7 10. Nxc5 Qxc5 11. Qd5 Nxf3+ 12. gxf3 Qe7 13. Bd2 d6 14. f4 Be6 15. Qg2 Rad8 16. Bc3 f6 17. Rd1 Qf7 18. Rg1 Rd7 19. Qe4 d5 20. cxd5 Rxd5 21. Rxd5 Bxd5 22. Qf5 Qe6 23. Qh5 Qe4 24. Qg4 Qe7 25. Bd3 Be6 26. Qh5 g6 27. Bxg6 Kh8 28. Bc2 b6 29. Rg6 Bg8 30. Qh6 Ne5 31. fxe5 fxe5 32. Bxe5+ 1-0

[Event "San Francisco TNM Fall op"]
[Site "San Francisco"]
[Date "2016.12.06"]
[Round "8"]
[White "Walters, Kevin"]
[Black "Viswanath, Ganesh"]
[Result "1/2-1/2"]
[WhiteElo "1864"]
[BlackElo "2132"]
[PlyCount "66"]
[EventDate "2016.10.18"]
[EventType "swiss"]
[EventRounds "9"]
[EventCountry "USA"]
[SourceTitle "EXT 2018"]
[Source "ChessBase"]
[SourceDate "2017.10.13"]
[SourceVersion "1"]
[SourceVersionDate "2017.10.13"]
[SourceQuality "1"]

1. e4 c5 2. d4 cxd4 3. c3 Nf6 4. e5 Nd5 5. Nf3 Nc6 6. cxd4 d6 7. Bc4 Nb6 8. Bb3 dxe5 9. Nxe5 Nxe5 10. dxe5 Qxd1+ 11. Bxd1 g6 12. Nd2 Bg7 13. f4 Be6 14. 0-0 0-0 15. Bf3 Bd5 16. Ne4 Bc6 17. b3 Nd5 18. g3 f6 19. exf6 Nxf6 20. Nxf6+ Bxf6 21. Rb1 Bd4+ 22. Kg2 Rac8 23. Bb2 Bxf3+ 24. Kxf3 Bxb2 25. Rxb2 e5 26. Ke4 Rce8 27. f5 Rf6 28. g4 Rd6 29. f6 Rd4+ 30. Ke3 Rf8 31. h3 Rf4 32. Rbf2 R8xf6 33. Rxf4 exf4+ 1/2-1/2

[Event "San Francisco TNM Fall op"]
[Site "San Francisco"]
[Date "2016.11.22"]
[Round "6"]
[White "Walters, Kevin"]
[Black "Gray, William"]
[Result "1/2-1/2"]
[WhiteElo "1864"]
[BlackElo "2022"]
[PlyCount "82"]
[EventDate "2016.10.18"]
[EventType "swiss"]
[EventRounds "9"]
[EventCountry "USA"]
[SourceTitle "EXT 2018"]
[Source "ChessBase"]
[SourceDate "2017.10.13"]
[SourceVersion "1"]
[SourceVersionDate "2017.10.13"]
[SourceQuality "1"]

1. e4 c5 2. d4 cxd4 3. c3 dxc3 4. Nxc3 Nc6 5. Nf3 d6 6. Bc4 a6 7. 0-0 Nf6 8. Bf4 e5 9. Ng5 Be6 10. Nxe6 fxe6 11. Be3 Qe7 12. Qb3 Nd8 13. Bb6 Nd7 14. Na4 Nc6 15. Bxe6 g6 16. Rad1 Bg7 17. Bxd7+ Qxd7 18. Bc5 Qf7 19. Qxf7+ Kxf7 20. Rxd6 Rhd8 21. Rfd1 Nd4 22. Kf1 Rxd6 23. Bxd6 Rc8 24. Nc3 Rc4 25. Rd3 Ke6 26. Ba3 b5 27. b3 Rc6 28. Nd5 a5 29. Bb2 Rc2 30. Bxd4 exd4 31. Ke1 Rxa2 32. Nc7+ Ke5 33. f3 b4 34. Nb5 Rxg2 35. Nxd4 Rxh2 36. Nc6+ Kf4 37. Nxa5 Bc3+ 38. Kf1 h5 39. Kg1 Ra2 40. Rd5 Kxf3 41. Rg5 Bd4+ 1/2-1/2

[Event "San Francisco TNM Fall op"]
[Site "San Francisco"]
[Date "2016.11.08"]
[Round "4"]
[White "Walters, Kevin"]
[Black "Winslow, Elliott C"]
[Result "0-1"]
[WhiteElo "1864"]
[BlackElo "2314"]
[PlyCount "70"]
[EventDate "2016.10.18"]
[EventType "swiss"]
[EventRounds "9"]
[EventCountry "USA"]
[SourceTitle "EXT 2018"]
[Source "ChessBase"]
[SourceDate "2017.10.13"]
[SourceVersion "1"]
[SourceVersionDate "2017.10.13"]
[SourceQuality "1"]

1. e4 c5 2. d4 cxd4 3. c3 Nf6 4. e5 Nd5 5. cxd4 d6 6. Nf3 Nc6 7. Bc4 dxe5 8. dxe5 Ndb4 9. Qb3 e6 10. 0-0 Na5 11. Bb5+ Bd7 12. Qa4 Bxb5 13. Qxb5+ Nac6 14. Nc3 a6 15. Qe2 Qd3 16. Rd1 Qxe2 17. Nxe2 Nd5 18. Bg5 h6 19. Bh4 g5 20. Bg3 Bg7 21. Ned4 Nde7 22. h3 0-0-0 23. Rac1 Rd5 24. Rc4 Rhd8 25. Rdc1 Kb8 26. Nb3 Nf5 27. Nc5 Nxg3 28. fxg3 Nxe5 29. Kf1 Nxf3 30. gxf3 Bxb2 31. Rb1 Rd1+ 32. Rxd1 Rxd1+ 33. Ke2 Rd5 34. f4 Ba3 35. Nd3 Bd6 0-1

[Event "San Francisco Benson Memorial"]
[Site "San Francisco"]
[Date "2016.08.30"]
[Round "5"]
[White "Wonsever, James"]
[Black "Walters, Kevin"]
[Result "1-0"]
[WhiteElo "1636"]
[BlackElo "1897"]
[PlyCount "33"]
[EventDate "2016.08.02"]
[EventType "swiss"]
[EventRounds "9"]
[EventCountry "USA"]
[SourceTitle "EXT 2018"]
[Source "ChessBase"]
[SourceDate "2017.10.13"]
[SourceVersion "1"]
[SourceVersionDate "2017.10.13"]
[SourceQuality "1"]

1. e4 d5 2. exd5 Qxd5 3. Nc3 Qa5 4. d4 Nf6 5. Nf3 Bf5 6. Bd3 Nc6 7. Be3 0-0-0 8. Ng5 Nxd4 9. Nxf7 Nxc2+ 10. Bxc2 Rxd1+ 11. Rxd1 Nd7 12. Rd5 Qxd5 13. Nxd5 Bxc2 14. Nxh8 e6 15. Nc3 h6 16. Kd2 Bf5 17. f4 1-0

[Event "San Francisco TNM Summer op"]
[Site "San Francisco"]
[Date "2016.06.28"]
[Round "6"]
[White "Stearman, Josiah P"]
[Black "Walters, Kevin"]
[Result "1-0"]
[WhiteElo "2204"]
[BlackElo "1886"]
[PlyCount "43"]
[EventDate "2016.05.24"]
[EventType "swiss"]
[EventRounds "8"]
[EventCountry "USA"]
[SourceTitle "EXT 2018"]
[Source "ChessBase"]
[SourceDate "2017.10.13"]
[SourceVersion "1"]
[SourceVersionDate "2017.10.13"]
[SourceQuality "1"]

1. e4 c5 2. Nc3 g6 3. g3 Bg7 4. Bg2 Nc6 5. d3 d6 6. Be3 Nf6 7. h3 Rb8 8. f4 Nd4 9. Nf3 Nxf3+ 10. Qxf3 Qc7 11. 0-0 e6 12. e5 Nd7 13. Nb5 Qc6 14. Nxd6+ Ke7 15. Qf2 Qc7 16. g4 f6 17. Ne4 b6 18. d4 Bb7 19. Rad1 Bd5 20. Nxf6 Bxg2 21. Kxg2 Qc6+ 22. d5 1-0

[Event "San Francisco TNM Spring op"]
[Site "San Francisco"]
[Date "2016.04.12"]
[Round "5"]
[White "Sarafian, Greg M"]
[Black "Walters, Kevin"]
[Result "1-0"]
[WhiteElo "1946"]
[BlackElo "1701"]
[PlyCount "73"]
[EventDate "2016.03.15"]
[EventType "swiss"]
[EventRounds "8"]
[EventCountry "USA"]
[SourceTitle "EXT 2018"]
[Source "ChessBase"]
[SourceDate "2017.10.13"]
[SourceVersion "1"]
[SourceVersionDate "2017.10.13"]
[SourceQuality "1"]

1. d4 Nf6 2. c4 e5 3. dxe5 Ng4 4. Bf4 Nc6 5. Nf3 Bb4+ 6. Nc3 Qe7 7. Qd5 Bxc3+ 8. bxc3 Qa3 9. Qd2 Qc5 10. e3 0-0 11. h3 Ngxe5 12. Nxe5 Nxe5 13. Qd4 Qxd4 14. cxd4 Nc6 15. Bxc7 Nb4 16. Kd2 Re8 17. Be2 Re6 18. a3 Na6 19. Bg3 d6 20. Bf3 Nc7 21. Rab1 Rb8 22. Bg4 Ne8 23. Bxe6 fxe6 24. c5 e5 25. cxd6 Nxd6 26. Bxe5 Nc4+ 27. Ke2 Nxe5 28. dxe5 Bf5 29. Rb4 b5 30. a4 a6 31. Rc1 Rd8 32. e4 Be6 33. axb5 axb5 34. Rxb5 Ra8 35. Rc2 Ra4 36. Rb8+ Kf7 37. Rc7+ 1-0

[Event "San Francisco TNM Winter op"]
[Site "San Francisco"]
[Date "2016.02.23"]
[Round "8"]
[White "Walters, Kevin"]
[Black "Smith, David A1111"]
[Result "1-0"]
[WhiteElo "1678"]
[BlackElo "1581"]
[PlyCount "71"]
[EventDate "2016.01.05"]
[EventType "swiss"]
[EventRounds "8"]
[EventCountry "USA"]
[SourceTitle "EXT 2018"]
[Source "ChessBase"]
[SourceDate "2017.10.13"]
[SourceVersion "1"]
[SourceVersionDate "2017.10.13"]
[SourceQuality "1"]

1. e4 c5 2. d4 cxd4 3. c3 d3 4. Bxd3 Nc6 5. Nf3 g6 6. 0-0 Bg7 7. Bg5 Nf6 8. e5 Ng4 9. Re1 Ngxe5 10. Nxe5 Nxe5 11. Bxe7 Qxe7 12. f4 0-0 13. fxe5 Bxe5 14. Nd2 d6 15. Bc4 Be6 16. Bb3 Rac8 17. Nf3 f6 18. Nd4 Bf7 19. Qg4 Kh8 20. Rad1 Bxb3 21. axb3 f5 22. Qe2 Rce8 23. Kh1 a6 24. Rd3 Qc7 25. Nf3 Re7 26. Re3 Rfe8 27. c4 Bf6 28. Qd2 Rxe3 29. Rxe3 Rxe3 30. Qxe3 Bxb2 31. Qe8+ Kg7 32. Ng5 Kh6 33. Nf7+ Kh5 34. Qe2+ Kh4 35. g3+ Kh3 36. Ng5# 1-0

[Event "Calchess State Scholastics"]
[Site "Santa Clara"]
[Date "2004.03.21"]
[Round "5"]
[White "Kirk, Kehly"]
[Black "Walters, Kevin"]
[Result "0-1"]
[WhiteElo "1094"]
[BlackElo "1438"]
[PlyCount "84"]
[EventDate "2004.03.20"]
[EventType "team"]
[EventRounds "6"]
[EventCountry "USA"]
[SourceTitle "EXT 2007"]
[Source "ChessBase"]
[SourceDate "2006.11.23"]
[SourceVersion "1"]
[SourceVersionDate "2006.11.23"]
[SourceQuality "1"]

1. e4 d5 2. exd5 Qxd5 3. Nc3 Qa5 4. Bc4 Nf6 5. Nf3 Bg4 6. d4 e6 7. Bf4 Bb4 8. 0-0 Bxc3 9. bxc3 Qxc3 10. Bxe6 Bxe6 11. Qe2 Nd5 12. Bd2 Qa3 13. Ng5 Qd6 14. Qb5+ Nc6 15. Ne4 Qd8 16. Qxb7 Nxd4 17. Nc5 Nb6 18. Rae1 Nxc2 19. Qc6+ Kf8 20. Nxe6+ fxe6 21. Qf3+ Qf6 22. Qc6 Nxe1 23. Rxe1 Rc8 24. Rxe6 Qa1+ 25. Re1 Qd4 26. Qf3+ Qf6 27. Bb4+ c5 28. Bc3 Qxf3 29. gxf3 Kf7 30. Re5 Rhe8 31. Rf5+ Kg6 32. Rf4 Rc7 33. Rg4+ Kf5 34. Rh4 g6 35. f4 Nd5 36. Bd2 c4 37. Bc1 Re1+ 38. Kg2 Rxc1 39. f3 Rc2+ 40. Kh3 Ne3 41. Rh6 Nf1 42. Rh4 Rxh2# 0-1

[Event "Calchess State Scholastics"]
[Site "Santa Clara"]
[Date "2004.03.20"]
[Round "3"]
[White "Walters, Kevin"]
[Black "Wilken, Tyler"]
[Result "0-1"]
[WhiteElo "1438"]
[BlackElo "1719"]
[PlyCount "72"]
[EventDate "2004.03.20"]
[EventType "team"]
[EventRounds "6"]
[EventCountry "USA"]
[SourceTitle "EXT 2007"]
[Source "ChessBase"]
[SourceDate "2006.11.23"]
[SourceVersion "1"]
[SourceVersionDate "2006.11.23"]
[SourceQuality "1"]

1. e4 c5 2. Nf3 g6 3. d4 cxd4 4. Nxd4 Nc6 5. Nc3 Bg7 6. Be3 Nf6 7. f3 0-0 8. Qd2 d5 9. Be2 Nxd4 10. Bxd4 dxe4 11. Bxf6 Qxd2+ 12. Kxd2 Bxf6 13. fxe4 Rd8+ 14. Bd3 Be6 15. Rhe1 Be5 16. h3 Rac8 17. Nb5 Bxb2 18. Rab1 Be5 19. Nxa7 Bc3+ 20. Ke2 Ra8 21. Rxb7 Bxe1 22. Kxe1 Rd7 23. Rxd7 Bxd7 24. Nb5 Bxb5 25. Bxb5 Rxa2 26. Bd3 Kf8 27. Kf2 e5 28. Kf3 f6 29. Kg4 Ke7 30. Kh4 Ra7 31. g4 h6 32. Kg3 Kd6 33. h4 g5 34. h5 Kc5 35. Kf3 Kd4 36. Kf2 Kc3 0-1

[Event "Fremont Gomes Quads"]
[Site "Fremont"]
[Date "2003.03.08"]
[Round "1"]
[White "Walters, Kevin"]
[Black "Connick, Robert"]
[Result "1-0"]
[WhiteElo "1364"]
[BlackElo "1352"]
[PlyCount "53"]
[EventDate "2003.03.08"]
[EventType "swiss"]
[EventRounds "3"]
[EventCountry "USA"]
[SourceTitle "EXT 2009"]
[Source "ChessBase"]
[SourceDate "2008.11.26"]
[SourceVersion "1"]
[SourceVersionDate "2008.11.26"]
[SourceQuality "1"]

1. e4 e5 2. d4 exd4 3. c3 dxc3 4. Bc4 cxb2 5. Bxb2 d5 6. Bxd5 Nf6 7. Nc3 Be7 8. Qb3 Nxd5 9. Nxd5 0-0 10. Qg3 Bg5 11. h4 Bh6 12. Bf6 Qd7 13. Bxg7 Qg4 14. Nf6+ Kxg7 15. Nxg4 Bxg4 16. Qxg4+ Kh8 17. Nf3 Bg7 18. Rc1 Nc6 19. Ng5 Ne5 20. Qh5 h6 21. Rxc7 Nd3+ 22. Kf1 Rad8 23. Nxf7+ Kg8 24. Nxh6+ Kh8 25. Nf7+ Kg8 26. Qh8+ Bxh8 27. Nh6# 1-0

[Event "Fremont Gomes Quads"]
[Site "Fremont"]
[Date "2003.03.08"]
[Round "3"]
[White "Walters, Kevin"]
[Black "Mulye, Tejas"]
[Result "1-0"]
[WhiteElo "1364"]
[BlackElo "1302"]
[PlyCount "115"]
[EventDate "2003.03.08"]
[EventType "swiss"]
[EventRounds "3"]
[EventCountry "USA"]
[SourceTitle "EXT 2009"]
[Source "ChessBase"]
[SourceDate "2008.11.26"]
[SourceVersion "1"]
[SourceVersionDate "2008.11.26"]
[SourceQuality "1"]

1. e4 d5 2. exd5 Qxd5 3. Nc3 Qa5 4. d4 Nf6 5. Nf3 Bg4 6. h3 Qh5 7. Be2 e6 8. 0-0 Bxh3 9. gxh3 Qxh3 10. Ne5 Bd6 11. Bg4 Nxg4 12. Qxg4 Qxg4+ 13. Nxg4 h5 14. Ne5 f6 15. Nc4 Bb4 16. a3 Bxc3 17. bxc3 g5 18. Nd2 f5 19. Re1 Kf7 20. Nf3 g4 21. Ng5+ Kf6 22. Nxe6 Re8 23. Nxc7 Rxe1+ 24. Kg2 Re2 25. Nxa8 Rxc2 26. Bf4 Nd7 27. Rc1 Ra2 28. Rb1 b6 29. Rb3 h4 30. Be3 Kg6 31. Nc7 Nf6 32. Ne6 h3+ 33. Kh2 Nh5 34. d5 Kf7 35. c4 Ke7 36. Ng5 f4 37. Bd4 Rd2 38. Ne6 Ng7 39. Nxg7 Kf7 40. Ne6 Re2 41. Nxf4 Re4 42. Ne6 Rxe6 43. dxe6+ Kxe6 44. c5 bxc5 45. Bxc5 a6 46. Rb6+ Kd5 47. Be3 a5 48. Rb5+ Ke4 49. Rxa5 Kf3 50. Rb5 Ke4 51. a4 Kf3 52. a5 Ke2 53. a6 Kf3 54. a7 Ke2 55. a8Q Kd3 56. Qc6 Ke2 57. Rb2+ Kd3 58. Qc2# 1-0

[Event "CalChess-ch"]
[Site "Monterey Park"]
[Date "2002.04.07"]
[Round "5"]
[White "Porter, Dylan"]
[Black "Walters, Kevin"]
[Result "1/2-1/2"]
[WhiteElo "1067"]
[BlackElo "1439"]
[PlyCount "122"]
[EventDate "2002.??.??"]
[EventType "swiss"]
[EventRounds "6"]
[EventCountry "USA"]
[SourceTitle "EXT 2007"]
[Source "ChessBase"]
[SourceDate "2006.11.23"]
[SourceVersion "1"]
[SourceVersionDate "2006.11.23"]
[SourceQuality "1"]

1. e4 d5 2. exd5 c6 3. dxc6 Nxc6 4. Nf3 Bg4 5. h3 Bh5 6. Be2 e6 7. Nc3 Bd6 8. d4 Nf6 9. Bg5 Bc7 10. 0-0 Bxf3 11. Bxf3 Qd6 12. g3 h6 13. Bf4 Qd7 14. Re1 Bxf4 15. gxf4 Nxd4 16. a4 Nxf3+ 17. Qxf3 0-0-0 18. Nb5 a6 19. Rad1 Qe7 20. Nc3 g5 21. f5 g4 22. hxg4 Nxg4 23. Rxd8+ Qxd8 24. fxe6 fxe6 25. Rxe6 Qg5 26. Kh1 Qc1+ 27. Nd1 Qxd1+ 28. Qxd1 Nxf2+ 29. Kg2 Nxd1 30. b3 Kd7 31. Re4 Nc3 32. Rc4 Nd5 33. Rd4 Kc6 34. Kf3 Rf8+ 35. Ke2 Rf4 36. Rd3 Re4+ 37. Kd2 Kc5 38. Rh3 Re6 39. Rh5 Kc6 40. Kd1 Rd6 41. Kc1 Nf4 42. Rh4 Ne2+ 43. Kb2 Nd4 44. Kc3 b5 45. a5 b4+ 46. Kb2 Kb5 47. Rh5+ Kc6 48. Rh4 Kd7 49. Kb1 Ke7 50. Rf4 Nc6 51. Rf5 Rd1+ 52. Kb2 Rh1 53. Rf4 h5 54. Rc4 Kd6 55. Re4 h4 56. c4 Nxa5 57. Rg4 Rh2+ 58. Kc1 Nxb3+ 59. Kb1 h3 60. c5+ Kxc5 61. Rxb4 Kxb4 1/2-1/2

[Event "CalChess-ch"]
[Site "Monterey Park"]
[Date "2002.04.07"]
[Round "6"]
[White "Walters, Kevin"]
[Black "Durst, Skylar"]
[Result "1-0"]
[WhiteElo "1439"]
[BlackElo "936"]
[PlyCount "75"]
[EventDate "2002.??.??"]
[EventType "swiss"]
[EventRounds "6"]
[EventCountry "USA"]
[SourceTitle "EXT 2007"]
[Source "ChessBase"]
[SourceDate "2006.11.23"]
[SourceVersion "1"]
[SourceVersionDate "2006.11.23"]
[SourceQuality "1"]

1. e4 e5 2. d4 Nc6 3. d5 Nd4 4. c3 Nb5 5. Bxb5 c6 6. Bc4 Nf6 7. Bg5 Be7 8. Nd2 d6 9. Qb3 Ng4 10. Bxe7 Qxe7 11. h3 Nh6 12. 0-0-0 Bd7 13. Qxb7 0-0 14. dxc6 Rfb8 15. Qxd7 Qxd7 16. cxd7 Rd8 17. Bd5 Rab8 18. Bc6 Rb6 19. Ba4 Rdb8 20. Nc4 R6b7 21. Rxd6 Rd8 22. Na5 Rb6 23. Nc6 Rxc6 24. Rxc6 f6 25. Rc8 Nf7 26. Nf3 Kf8 27. Rxd8+ Nxd8 28. Rd1 Ke7 29. Nh4 g6 30. c4 a5 31. c5 h5 32. c6 Nxc6 33. Bxc6 Kd8 34. Nxg6 h4 35. Nf8 a4 36. Ne6+ Ke7 37. d8Q+ Kf7 38. Qe8# 1-0

[Event "CalChess-ch"]
[Site "Monterey Park"]
[Date "2002.04.06"]
[Round "1"]
[White "Hashemian, Ali"]
[Black "Walters, Kevin"]
[Result "0-1"]
[WhiteElo "912"]
[BlackElo "1439"]
[PlyCount "56"]
[EventDate "2002.??.??"]
[EventType "swiss"]
[EventRounds "6"]
[EventCountry "USA"]
[SourceTitle "EXT 2007"]
[Source "ChessBase"]
[SourceDate "2006.11.23"]
[SourceVersion "1"]
[SourceVersionDate "2006.11.23"]
[SourceQuality "1"]

1. e4 d5 2. exd5 Qxd5 3. Nc3 Qa5 4. Nf3 Bg4 5. h3 Bh5 6. g4 Bg6 7. Bg2 e5 8. Nh4 Qb6 9. Nd5 Qa5 10. Nf6+ Nxf6 11. Bxb7 Be4 12. Bxa8 Bxa8 13. 0-0 Qd5 14. f3 Bc5+ 15. Kh2 h5 16. g5 Ng4+ 17. hxg4 hxg4 18. Kg3 Bd6 19. Kxg4 f5+ 20. Nxf5 Qe6 21. Qe2 g6 22. Qb5+ Nd7 23. Qd3 gxf5+ 24. Kg3 e4+ 25. Qxd6 Qxd6+ 26. f4 Qc6 27. c3 e3 28. Re1 Qg2# 0-1

[Event "CalChess-ch"]
[Site "Monterey Park"]
[Date "2002.04.06"]
[Round "2"]
[White "Walters, Kevin"]
[Black "Chan, Clayton"]
[Result "1-0"]
[WhiteElo "1439"]
[BlackElo "1000"]
[PlyCount "129"]
[EventDate "2002.??.??"]
[EventType "swiss"]
[EventRounds "6"]
[EventCountry "USA"]
[SourceTitle "EXT 2007"]
[Source "ChessBase"]
[SourceDate "2006.11.23"]
[SourceVersion "1"]
[SourceVersionDate "2006.11.23"]
[SourceQuality "1"]

1. e4 c5 2. Nf3 Nc6 3. d4 b6 4. Be3 g6 5. Nc3 Bg7 6. Qd2 Nf6 7. Be2 0-0 8. 0-0-0 d5 9. e5 cxd4 10. Bxd4 Nxd4 11. Nxd4 Ng4 12. Bxg4 Bxg4 13. f3 Bd7 14. Rde1 Qc7 15. Nxd5 Qc5 16. Nb3 Qc4 17. Nxe7+ Kh8 18. Qxd7 Rfd8 19. Qc6 Qf4+ 20. Kb1 Bxe5 21. Qe4 Qxe4 22. Rxe4 Bf6 23. Nc6 Rd6 24. Ne5 Kg7 25. c4 Re8 26. Rhe1 Rde6 27. Nd7 Rd8 28. Rxe6 fxe6 29. Nxf6 Kxf6 30. c5 bxc5 31. Nxc5 Rd6 32. Rxe6+ Rxe6 33. Nxe6 Kxe6 34. Kc2 Kd5 35. Kd3 Kc5 36. h4 h5 37. g4 hxg4 38. fxg4 Kd5 39. h5 gxh5 40. gxh5 Ke6 41. Kc4 Kf6 42. Kb5 Kg5 43. Ka6 Kxh5 44. Kxa7 Kg5 45. b4 Kf5 46. b5 Ke4 47. b6 Kd5 48. b7 Ke4 49. b8Q Kd5 50. Qf4 Ke6 51. Qg5 Kd6 52. Qb5 Ke6 53. Qc5 Kf6 54. Qd5 Ke7 55. Qc6 Kf7 56. Qd6 Kg7 57. Qe6 Kh7 58. Qf6 Kg8 59. Kb8 Kh7 60. Kc7 Kg8 61. Qe7 Kh8 62. Kd6 Kg8 63. Ke6 Kh8 64. Kf6 Kg8 65. Qg7# 1-0

[Event "CalChess-ch"]
[Site "Monterey Park"]
[Date "2002.04.03"]
[Round "3"]
[White "Sheu, Vincent"]
[Black "Walters, Kevin"]
[Result "0-1"]
[WhiteElo "1157"]
[BlackElo "1439"]
[PlyCount "94"]
[EventDate "2002.??.??"]
[EventType "swiss"]
[EventRounds "6"]
[EventCountry "USA"]
[SourceTitle "EXT 2007"]
[Source "ChessBase"]
[SourceDate "2006.11.23"]
[SourceVersion "1"]
[SourceVersionDate "2006.11.23"]
[SourceQuality "1"]

1. e4 e5 2. Nf3 d5 3. Nxe5 Bd6 4. d4 dxe4 5. Nc3 Bxe5 6. dxe5 Qxd1+ 7. Kxd1 f5 8. exf6 Nxf6 9. Bg5 Bf5 10. Bc4 Nc6 11. Ke2 Nd4+ 12. Kd2 0-0-0 13. Kc1 h6 14. Bxf6 gxf6 15. Re1 e3 16. fxe3 Nxc2 17. Rf1 Nxe3 18. Re1 Nxc4 19. Nb5 a6 20. Nc3 Rhe8 21. Rxe8 Rxe8 22. b3 Re1+ 23. Nd1 Ne3 24. Kd2 Rxd1+ 25. Rxd1 Nxd1 26. Kxd1 Kd7 27. Kd2 Kd6 28. Ke3 Ke5 29. Kf3 c5 30. Ke3 b5 31. Kd2 Kd4 32. Kc1 Kc3 33. Kd1 Kb2 34. Kd2 Kxa2 35. Kc3 Ka3 36. g3 h5 37. Kd2 Kxb3 38. Kc1 c4 39. Kd2 c3+ 40. Kc1 c2 41. h4 Bd3 42. g4 hxg4 43. h5 g3 44. h6 g2 45. h7 g1Q+ 46. Kd2 c1Q+ 47. Kxd3 Qge3# 0-1

[Event "Fremont Gomes Scholastic "]
[Site "Fremont"]
[Date "2002.03.16"]
[Round "2"]
[White "Ma, Timothy"]
[Black "Walters, Kevin"]
[Result "1-0"]
[WhiteElo "1523"]
[BlackElo "1400"]
[PlyCount "137"]
[EventDate "2002.03.16"]
[EventType "swiss"]
[EventRounds "3"]
[EventCountry "USA"]
[SourceTitle "EXT 2009"]
[Source "ChessBase"]
[SourceDate "2008.11.26"]
[SourceVersion "1"]
[SourceVersionDate "2008.11.26"]
[SourceQuality "1"]

1. e4 d5 2. exd5 c6 3. d4 Nf6 4. Nf3 Bg4 5. Be2 Qxd5 6. c4 Qh5 7. Nc3 e6 8. a3 Bd6 9. Ng5 Bxe2 10. Qxe2 Qxe2+ 11. Nxe2 e5 12. 0-0 Nbd7 13. Ng3 0-0 14. Be3 exd4 15. Bxd4 Be5 16. Nf3 Rfe8 17. Rfe1 Bxd4 18. Nxd4 h6 19. Ngf5 c5 20. Nb5 Re5 21. Nbd6 Ne8 22. f4 Nxd6 23. Nxd6 Re6 24. Rxe6 fxe6 25. Re1 Rf8 26. g3 Rf6 27. Nxb7 Nb6 28. b3 g5 29. fxg5 hxg5 30. Nxc5 Kf7 31. Kg2 a5 32. Ne4 Rg6 33. Nd6+ Ke7 34. Nf5+ Kf6 35. Nd4 Kf7 36. Nc6 a4 37. Ne5+ Kg7 38. Nxg6 axb3 39. Ne5 Na4 40. Rb1 b2 41. Nd3 Nb6 42. Rxb2 Nxc4 43. Ra2 e5 44. Nxe5 Nxe5 45. a4 Nc6 46. a5 Na7 47. Rb2 Kf6 48. Rb7 Nc8 49. a6 Ke5 50. a7 Nxa7 51. Rxa7 g4 52. Ra4 Kf5 53. h3 gxh3+ 54. Kxh3 Kg5 55. Ra5+ Kf6 56. Kg4 Ke6 57. Kf4 Kd7 58. Ra6 Kc7 59. Ke5 Kb7 60. Rh6 Kc7 61. Kd5 Kd7 62. Rh7+ Ke8 63. Kd6 Kf8 64. Ra7 Ke8 65. g4 Kf8 66. Ke6 Kg8 67. Kf6 Kh8 68. Kg6 Kg8 69. Ra8# 1-0